Statistics for Countries With the Most Drug Use Deaths Per Capita

Click here to take the quiz!

General Stats

  • This quiz has been taken 67 times
  • The average score is 12 of 26

Answer Stats

#RateAnswer% Correct
121.3United States
98%
75.4Russia
94%
28.7Canada
92%
164.2United Kingdom
88%
36.6Australia
72%
184.1Sweden
71%
203.4Ireland
68%
104.5Finland
65%
114.5Norway
65%
174.1Lithuania
60%
65.7Estonia
58%
233.2Belarus
57%
263.1Denmark
57%
124.4Iceland
57%
55.8Nigeria
35%
193.7Kazakhstan
31%
95.0United Arab Emirates
26%
223.3Ghana
18%
213.3Sudan
15%
144.2Lebanon
14%
85.3Cameroon
12%
46.2Libya
12%
134.3Cote d'Ivoire
11%
243.2Sierra Leone
9%
154.2Equatorial Guinea
6%
253.1Cape Verde
2%

Score Distribution

Percentile by Number Answered

Percent of People with Each Score

Your Score History

You have not taken this quiz